ARRUPE JESUIT UNIVERSITY

CORONAVIRUS -STOP THE SPREAD - CLEAN,DISINFECT,COVER
Normal view MARC view

Entry Personal Name

Number of records used in: 1

001 - CONTROL NUMBER

  • control field: 302

003 - CONTROL NUMBER IDENTIFIER

  • control field: ARRUPE

005 - DATE AND TIME OF LATEST TRANSACTION

  • control field: 20130917140312.0

008 - FIXED-LENGTH DATA ELEMENTS

  • fixed length control field: 130917|| aca||aabn | a|a d

040 ## - CATALOGING SOURCE

  • Original cataloging agency: ARRUPE
  • Transcribing agency: ARRUPE

100 ## - HEADING--PERSONAL NAME

  • Personal name: Roger,
  • Titles and other words associated with a name: frère,
  • Dates associated with a name: 1915-2005.

670 ## - SOURCE DATA FOUND

  • Source citation: Work cat.: (ARRUPE)0: Teresa, Mother, 1910-1997. 300, Meditations on the way of the cross /, c1987.

 

Arrupe Library. PO Box MP320 Mt Pleasant, Harare, Zimbabwe
263 242 745411|librarian@aju.ac.zw